Music Quiz

Random Music or Lyrics Quiz

Rob Paravonian's Pachelbel Rant Quiz Stats

Quiz not verified by Sporcle

Challenge
Share
Tweet
Embed
Score 0/15 Timer 03:00
0 Plays Today
Artist Song % Correct
Green DayBasket Case
75.2%
Vitamin CGraduation (Friends Forever)
70.3%
The BeatlesLet it Be
64.4%
U2With or Without You
46.5%
AerosmithCryin'
45.5%
BushMachinehead
45.5%
Avril LavigneSk8er Boi
45.5%
Matchbox 20Push
44.6%
Artist Song % Correct
Natalie ImbrugliaTorn
43.6%
Twisted SisterWe're Not Gonna Take It
42.6%
Blues TravelerHook
39.6%
Bob MarleyNo Woman, No Cry
39.6%
Original CasteOne Tin Soldier
25.7%
Better Than EzraGood
19.8%
Cyndi GreccoMaking Our Dreams Come True (Laverne & Shirley Theme Song)
10.9%

You're not logged in!

Compare scores with friends on all Sporcle quizzes.
Sign Up with Email
OR
Log In

You Might Also Like...

Show Comments

Extras

Top Quizzes Today


Score Distribution

Your Account Isn't Verified!

In order to create a playlist on Sporcle, you need to verify the email address you used during registration. Go to your Sporcle Settings to finish the process.

Report this User

Report this user for behavior that violates our Community Guidelines.

Details: